000
00293nam a2200109Ia 4500
008
210430s9999 xx 000 0 und d
082
_a
747 Q95M
100
_a
Engr. Sharf Ud Din Qureshi
_9
54641
245
_a
Makan Khud Banwayen
_c
Engr. Sharf Ud Din Qureshi
300
_a
192
942
_c
BK
_2
ddc
999
_c
565279
_d
565279